[Event "2023 Welsh Championship"]
[Site "Cardiff"]
[Date "2023.04.09"]
[Round "5"]
[Board "8"]
[White "Morris, Charles F"]
[Black "Smith, Lynda"]
[Result "1-0"]
[WhiteElo "2081"]
[BlackElo "1786"]
[PlyCount "0"]
[EventDate "2023.04.07"]
[EventRounds "7"]
[EventCountry "WLS"]

1. c4 {[%clk 01:30:57]} {[%emt 00:00:01]} f5 {[%clk 01:30:52]} {[%emt
00:00:09]} 2. g3 {[%emt 00:00:46]} Nf6 {[%clk 01:30:35]} {[%emt 00:00:09]} 3.
Bg2 {[%clk 01:31:37]} {[%emt 00:00:11]} g6 {[%clk 01:30:58]} {[%emt 00:00:08]}
4. Nc3 {[%clk 01:32:00]} {[%emt 00:00:07]} Bg7 {[%clk 01:31:17]} {[%emt
00:00:12]} 5. d3 {[%clk 01:32:23]} {[%emt 00:00:07]} Nc6 {[%clk 01:31:29]}
{[%emt 00:00:18]} 6. e4 {[%clk 01:32:43]} {[%emt 00:00:09]} d6 {[%clk
01:31:49]} {[%emt 00:00:11]} 7. Nge2 {[%clk 01:33:00]} {[%emt 00:00:13]} O-O
{[%clk 01:31:53]} {[%emt 00:00:26]} 8. O-O {[%clk 01:33:23]} {[%emt 00:00:07]}
e5 {[%clk 01:31:54]} {[%emt 00:00:29]} 9. Nd5 {[%clk 01:33:44]} {[%emt
00:00:08]} Ne7 {[%clk 01:31:33]} {[%emt 00:00:52]} 10. Nxf6+ {[%clk 01:33:50]}
{[%emt 00:00:24]} Bxf6 {[%clk 01:31:46]} {[%emt 00:00:17]} 11. Bh6 {[%clk
01:34:11]} {[%emt 00:00:08]} Bg7 {[%clk 01:31:35]} {[%emt 00:00:42]} 12. Bxg7
{[%clk 01:34:34]} {[%emt 00:00:07]} Kxg7 {[%clk 01:31:58]} {[%emt 00:00:07]} 13.
Qd2 {[%clk 01:35:01]} {[%emt 00:00:03]} Be6 {[%clk 01:31:21]} {[%emt 00:01:08]}
14. b3 {[%clk 01:34:24]} {[%emt 00:01:06]} c6 {[%clk 01:31:16]} {[%emt
00:00:34]} 15. f4 {[%clk 01:34:43]} {[%emt 00:00:11]} Qd7 {[%clk 01:29:34]}
{[%emt 00:02:13]} 16. Rad1 {[%clk 01:33:22]} {[%emt 00:01:49]} Rad8 {[%clk
01:29:06]} {[%emt 00:00:59]} 17. Qc3 {[%clk 01:28:47]} {[%emt 00:05:04]} Qc7
{[%clk 01:27:55]} {[%emt 00:01:41]} 18. d4 {[%clk 01:28:51]} {[%emt 00:00:26]}
fxe4 {[%clk 01:26:14]} {[%emt 00:02:12]} 19. Bxe4 {[%clk 01:23:50]} {[%emt
00:05:29]} Bg4 {[%clk 01:24:42]} {[%emt 00:02:02]} 20. Bf3 {[%clk 01:22:04]}
{[%emt 00:02:16]} Bxf3 {[%clk 01:15:56]} {[%emt 00:09:17]} 21. Qxf3 {[%clk
01:22:28]} {[%emt 00:00:06]} Qb6 {[%clk 01:12:42]} {[%emt 00:03:44]} 22. Kh1
{[%clk 01:19:06]} {[%emt 00:03:50]} Nf5 {[%clk 00:58:47]} {[%emt 00:14:26]} 23.
c5 {[%clk 01:06:35]} {[%emt 00:13:01]} dxc5 {[%clk 00:56:31]} {[%emt 00:02:47]}
24. dxe5 {[%clk 01:06:59]} {[%emt 00:00:06]} Nd4 {[%clk 00:56:12]} {[%emt
00:00:49]} 25. Qe4 {[%clk 01:05:17]} {[%emt 00:02:11]} Nxe2 {[%clk 00:55:45]}
{[%emt 00:00:57]} 26. Qxe2 {[%clk 01:05:42]} {[%emt 00:00:04]} Rd4 {[%clk
00:52:29]} {[%emt 00:03:47]} 27. e6 {[%clk 01:05:57]} {[%emt 00:00:15]} Qc7
{[%clk 00:50:56]} {[%emt 00:02:04]} 28. e7 {[%clk 00:48:48]} {[%emt 00:17:39]}
Re8 {[%clk 00:49:57]} {[%emt 00:01:29]} 29. Rde1 {[%clk 00:49:13]} {[%emt
00:00:05]} Qd6 {[%clk 00:49:06]} {[%emt 00:01:22]} 30. Rf2 {[%clk 00:37:41]}
{[%emt 00:12:01]} Qd5+ {[%clk 00:47:35]} {[%emt 00:02:01]} 31. Kg1 {[%clk
00:38:05]} {[%emt 00:00:05]} c4 {[%clk 00:46:35]} {[%emt 00:01:31]} 32. bxc4
{[%clk 00:31:33]} {[%emt 00:07:02]} Rxc4 {[%clk 00:46:17]} {[%emt 00:00:48]} 33.
f5 {[%clk 00:26:50]} {[%emt 00:05:12]} gxf5 {[%clk 00:43:37]} {[%emt 00:03:10]}
34. Rxf5 {[%clk 00:27:08]} {[%emt 00:00:12]} Qxf5 {[%clk 00:41:58]} {[%emt
00:02:10]} 35. Qxc4 {[%clk 00:27:20]} {[%emt 00:00:17]} Qd7 {[%clk 00:36:06]}
{[%emt 00:06:21]} 36. Qf4 {[%clk 00:12:03]} {[%emt 00:15:46]} h6 {[%clk
00:26:29]} {[%emt 00:10:08]} 37. Qe5+ {[%clk 00:08:17]} {[%emt 00:04:16]} Kh7
{[%clk 00:24:04]} {[%emt 00:02:56]} 38. Qf6 {[%clk 00:08:09]} {[%emt 00:00:37]}
Qd5 {[%clk 00:20:20]} {[%emt 00:04:15]} 39. h4 {[%clk 00:01:11]} {[%emt
00:07:27]} c5 {[%clk 00:19:10]} {[%emt 00:01:41]} 40. Re5 {[%clk 00:01:12]}
{[%emt 00:00:29]} Qd1+ {[%clk 00:14:20]} {[%emt 00:05:20]} 41. Kh2 {[%clk
00:01:30]} {[%emt 00:00:11]} Qc2+ {[%clk 00:14:31]} {[%emt 00:00:19]} 42. Kh3
{[%clk 00:01:54]} {[%emt 00:00:06]} Qg6 {[%clk 00:14:33]} {[%emt 00:00:29]} 43.
Qf3 {[%clk 00:01:20]} {[%emt 00:01:02]} b6 {[%clk 00:13:29]} {[%emt 00:01:35]}
44. h5 {[%clk 00:00:33]} {[%emt 00:01:16]} Qg7 {[%clk 00:12:58]} {[%emt
00:01:02]} 45. Qe4+ {[%clk 00:00:44]} {[%emt 00:00:19]} Kh8 {[%clk 00:10:33]}
{[%emt 00:02:56]} 46. Qe3 {[%clk 00:29:34]} {[%emt 00:01:39]} Kh7 {[%clk
00:37:20]} {[%emt 00:03:45]} 47. g4 {[%clk 00:22:25]} {[%emt 00:07:37]} Qf7
{[%clk 00:36:30]} {[%emt 00:01:20]} 48. Re6 {[%clk 00:22:18]} {[%emt 00:00:37]}
Qf1+ {[%clk 00:28:38]} {[%emt 00:08:22]} 49. Kh2 {[%clk 00:22:41]} {[%emt
00:00:07]}  1-0

[Event "2023 Welsh Championship"]
[Site "Cardiff"]
[Date "2023.04.09"]
[Round "5"]
[Board "9"]
[White "Van Kemenade, Rudy"]
[Black "Mckenna, Joshua"]
[Result "1-0"]
[WhiteElo "1936"]
[BlackElo "1688"]
[PlyCount "0"]
[EventDate "2023.04.07"]
[EventRounds "7"]
[EventCountry "WLS"]

1. e4 {[%clk 01:30:55]} {[%emt 00:00:02]} d6 {[%clk 01:30:40]} {[%emt
00:00:22]} 2. d4 {[%clk 01:31:19]} {[%emt 00:00:06]} Nf6 {[%clk 01:30:56]}
{[%emt 00:00:15]} 3. Nc3 {[%clk 01:31:42]} {[%emt 00:00:05]} g6 {[%clk
01:31:18]} {[%emt 00:00:09]} 4. g3 {[%clk 01:32:06]} {[%emt 00:00:07]} Bg7
{[%clk 01:31:10]} {[%emt 00:00:39]} 5. Bg2 {[%clk 01:32:28]} {[%emt 00:00:06]}
O-O {[%clk 01:31:07]} {[%emt 00:00:35]} 6. h3 {[%clk 01:32:51]} {[%emt
00:00:06]} c6 {[%clk 01:27:13]} {[%emt 00:04:24]} 7. a4 {[%clk 01:33:13]}
{[%emt 00:00:09]} e5 {[%clk 01:24:54]} {[%emt 00:02:49]} 8. Nge2 {[%clk
01:33:30]} {[%emt 00:00:11]} exd4 {[%clk 01:23:21]} {[%emt 00:02:05]} 9. Nxd4
{[%clk 01:33:36]} {[%emt 00:00:23]} Re8 {[%clk 01:19:38]} {[%emt 00:04:14]} 10.
O-O {[%clk 01:33:40]} {[%emt 00:00:24]} Nbd7 {[%clk 01:17:28]} {[%emt
00:02:43]} 11. Re1 {[%clk 01:32:00]} {[%emt 00:02:09]} Nf8 {[%clk 01:14:19]}
{[%emt 00:03:40]} 12. Be3 {[%clk 01:29:38]} {[%emt 00:02:50]} Ne6 {[%clk
01:12:38]} {[%emt 00:02:14]} 13. f4 {[%clk 01:29:18]} {[%emt 00:00:48]} Nh5
{[%clk 01:07:25]} {[%emt 00:05:43]} 14. Nde2 {[%clk 01:28:46]} {[%emt
00:01:00]} c5 {[%clk 01:00:00]} {[%emt 00:07:58]} 15. g4 {[%clk 01:28:09]}
{[%emt 00:01:06]} Nf6 {[%clk 00:59:23]} {[%emt 00:01:08]} 16. Nb5 {[%clk
01:27:51]} {[%emt 00:00:47]} Nd4 {[%clk 00:55:56]} {[%emt 00:03:57]} 17. Nexd4
{[%clk 01:27:22]} {[%emt 00:00:59]} cxd4 {[%clk 00:55:52]} {[%emt 00:00:35]} 18.
Bxd4 {[%clk 01:27:43]} {[%emt 00:00:07]} a6 {[%clk 00:52:56]} {[%emt 00:03:28]}
19. Nc3 {[%clk 01:28:06]} {[%emt 00:00:06]} h6 {[%clk 00:48:58]} {[%emt
00:04:30]} 20. Qd2 {[%clk 01:28:27]} {[%emt 00:00:09]} Rb8 {[%clk 00:47:20]}
{[%emt 00:02:08]} 21. Red1 {[%clk 01:25:51]} {[%emt 00:03:05]} b5 {[%clk
00:42:57]} {[%emt 00:04:54]} 22. axb5 {[%clk 01:25:37]} {[%emt 00:00:44]} axb5
{[%clk 00:43:03]} {[%emt 00:00:25]} 23. Ba7 {[%clk 01:24:42]} {[%emt 00:01:24]}
Rb7 {[%clk 00:38:59]} {[%emt 00:04:35]} 24. e5 {[%clk 01:24:51]} {[%emt
00:00:21]} Rxa7 {[%clk 00:39:15]} {[%emt 00:00:14]} 25. Rxa7 {[%clk 01:25:12]}
{[%emt 00:00:08]} Qb6+ {[%clk 00:39:21]} {[%emt 00:00:23]} 26. Qf2 {[%clk
01:25:27]} {[%emt 00:00:13]} Qxf2+ {[%clk 00:39:00]} {[%emt 00:00:52]} 27. Kxf2
{[%clk 01:25:50]} {[%emt 00:00:07]} dxe5 {[%clk 00:39:26]} {[%emt 00:00:06]} 28.
fxe5 {[%clk 01:26:12]} {[%emt 00:00:07]} Nxg4+ {[%clk 00:34:44]} {[%emt
00:05:12]} 29. hxg4 {[%clk 01:26:33]} {[%emt 00:00:09]} Bxe5 {[%clk 00:35:10]}
{[%emt 00:00:05]} 30. Bf3 {[%clk 01:24:03]} {[%emt 00:02:59]} Be6 {[%clk
00:32:23]} {[%emt 00:03:18]} 31. Nxb5 {[%clk 01:22:58]} {[%emt 00:01:33]} Bxb2
{[%clk 00:31:26]} {[%emt 00:01:28]} 32. Nc7 {[%clk 01:23:07]} {[%emt 00:00:20]}
Re7 {[%clk 00:31:51]} {[%emt 00:00:07]} 33. Ra8+ {[%clk 01:23:30]} {[%emt
00:00:07]} Kg7 {[%clk 00:31:42]} {[%emt 00:00:38]} 34. Nxe6+ {[%clk 01:23:53]}
{[%emt 00:00:07]} Rxe6 {[%clk 00:31:43]} {[%emt 00:00:29]} 35. Rd7 {[%clk
01:24:04]} {[%emt 00:00:17]} Rf6 {[%clk 00:30:59]} {[%emt 00:01:16]} 36. c4
{[%clk 01:23:30]} {[%emt 00:01:03]} Rf4 {[%clk 00:29:00]} {[%emt 00:02:29]} 37.
c5 {[%clk 01:23:23]} {[%emt 00:00:37]} Bd4+ {[%clk 00:29:17]} {[%emt 00:00:13]}
38. Kg3 {[%clk 01:23:42]} {[%emt 00:00:10]} Be5 {[%clk 00:28:39]} {[%emt
00:01:10]} 39. Kg2 {[%clk 01:24:02]} {[%emt 00:00:10]} Rc4 {[%clk 00:28:26]}
{[%emt 00:00:42]} 40. c6 {[%clk 01:24:25]} {[%emt 00:00:07]} Rc2+ {[%clk
00:28:48]} {[%emt 00:00:09]} 41. Kf1 {[%clk 01:24:38]} {[%emt 00:00:16]} Rc1+
{[%clk 00:28:39]} {[%emt 00:00:40]} 42. Ke2 {[%clk 01:24:56]} {[%emt 00:00:10]}
 1-0

[Event "2023 Welsh Championship"]
[Site "Cardiff"]
[Date "2023.04.10"]
[Round "6"]
[Board "2"]
[White "Toczek, Grzegorz"]
[Black "Blackburn, Jonathan L B"]
[Result "1/2-1/2"]
[WhiteElo "2260"]
[BlackElo "2162"]
[PlyCount "0"]
[EventDate "2023.04.07"]
[EventRounds "7"]
[EventCountry "WLS"]

1. e4 {[%clk 01:26:29]} {[%emt 00:04:30]} e6 {[%clk 01:30:03]} {[%emt
00:00:57]} 2. Nf3 {[%clk 01:26:42]} {[%emt 00:00:17]} d5 {[%clk 01:30:17]}
{[%emt 00:00:17]} 3. e5 {[%clk 01:27:07]} {[%emt 00:00:05]} c5 {[%clk
01:26:50]} {[%emt 00:03:57]} 4. b4 {[%clk 01:27:26]} {[%emt 00:00:11]} cxb4
{[%clk 01:27:17]} {[%emt 00:00:04]} 5. a3 {[%clk 01:27:53]} {[%emt 00:00:03]}
Qa5 {[%clk 01:27:43]} {[%emt 00:00:04]} 6. d4 {[%clk 01:25:56]} {[%emt
00:02:27]} Nc6 {[%clk 01:23:53]} {[%emt 00:04:20]} 7. Bd3 {[%clk 01:24:22]}
{[%emt 00:02:04]} bxa3+ {[%clk 01:18:48]} {[%emt 00:05:36]} 8. Bd2 {[%clk
01:24:10]} {[%emt 00:00:41]} Nb4 {[%clk 01:11:05]} {[%emt 00:08:14]} 9. O-O
{[%clk 01:23:28]} {[%emt 00:01:11]} Qb6 {[%clk 01:00:42]} {[%emt 00:10:54]} 10.
Be2 {[%clk 01:22:14]} {[%emt 00:01:44]} a2 {[%clk 00:57:29]} {[%emt 00:03:43]}
11. Nc3 {[%clk 01:11:38]} {[%emt 00:11:04]} Bd7 {[%clk 00:51:49]} {[%emt
00:06:11]} 12. Nxa2 {[%clk 01:10:48]} {[%emt 00:01:21]} Nc6 {[%clk 00:52:01]}
{[%emt 00:00:18]} 13. Rb1 {[%clk 01:02:05]} {[%emt 00:09:12]} Qc7 {[%clk
00:52:10]} {[%emt 00:00:21]} 14. Qc1 {[%clk 01:02:03]} {[%emt 00:00:32]} a6
{[%clk 00:41:17]} {[%emt 00:11:23]} 15. c4 {[%clk 00:59:00]} {[%emt 00:03:32]}
dxc4 {[%clk 00:40:02]} {[%emt 00:01:46]} 16. Qxc4 {[%clk 00:59:01]} {[%emt
00:00:28]} Nge7 {[%clk 00:38:29]} {[%emt 00:02:03]} 17. Nc3 {[%clk 00:58:03]}
{[%emt 00:01:27]} h6 {[%clk 00:28:17]} {[%emt 00:10:42]} 18. Rfc1 {[%clk
00:53:52]} {[%emt 00:04:40]} g5 {[%clk 00:26:39]} {[%emt 00:02:09]} 19. Qa2
{[%clk 00:53:04]} {[%emt 00:01:18]} Nf5 {[%clk 00:20:36]} {[%emt 00:06:34]} 20.
Ne4 {[%clk 00:43:42]} {[%emt 00:09:52]} Be7 {[%clk 00:20:07]} {[%emt 00:00:59]}
21. g4 {[%clk 00:43:53]} {[%emt 00:00:19]} Nfxd4 {[%clk 00:16:05]} {[%emt
00:04:32]} 22. Nxd4 {[%clk 00:44:14]} {[%emt 00:00:08]} Qxe5 {[%clk 00:16:29]}
{[%emt 00:00:07]} 23. Nxc6 {[%clk 00:42:32]} {[%emt 00:02:11]} Bxc6 {[%clk
00:16:48]} {[%emt 00:00:10]} 24. Rxc6 {[%clk 00:40:12]} {[%emt 00:02:51]} Qxe4
{[%clk 00:16:50]} {[%emt 00:00:29]} 25. Bc3 {[%clk 00:39:26]} {[%emt 00:01:16]}
bxc6 {[%clk 00:13:30]} {[%emt 00:03:50]} 26. Bxh8 {[%clk 00:39:50]} {[%emt
00:00:06]} f6 {[%clk 00:12:09]} {[%emt 00:01:51]} 27. Rb3 {[%clk 00:36:28]}
{[%emt 00:03:50]} Kf7 {[%clk 00:08:55]} {[%emt 00:03:46]} 28. Re3 {[%clk
00:34:08]} {[%emt 00:02:50]} Qd5 {[%clk 00:08:48]} {[%emt 00:00:38]} 29. Qc2
{[%clk 00:34:26]} {[%emt 00:00:11]} Rxh8 {[%clk 00:08:14]} {[%emt 00:01:04]} 30.
Bc4 {[%clk 00:34:51]} {[%emt 00:00:05]} Qd4 {[%clk 00:06:31]} {[%emt 00:02:13]}
31. Re4 {[%clk 00:29:29]} {[%emt 00:05:51]} Qa1+ {[%clk 00:06:53]} {[%emt
00:00:08]} 32. Kg2 {[%clk 00:29:55]} {[%emt 00:00:04]} Kg7 {[%clk 00:04:06]}
{[%emt 00:03:19]} 33. Rxe6 {[%clk 00:29:57]} {[%emt 00:00:26]} Bc5 {[%clk
00:03:40]} {[%emt 00:00:57]} 34. Rxc6 {[%clk 00:24:38]} {[%emt 00:05:49]} Qd4
{[%clk 00:03:43]} {[%emt 00:00:27]} 35. Rc7+ {[%clk 00:24:57]} {[%emt
00:00:10]} Kf8 {[%clk 00:04:06]} {[%emt 00:00:08]} 36. Qf5 {[%clk 00:11:52]}
{[%emt 00:13:34]} Qxf2+ {[%clk 00:03:43]} {[%emt 00:00:54]} 37. Qxf2 {[%clk
00:12:18]} {[%emt 00:00:05]} Bxf2 {[%clk 00:04:10]} {[%emt 00:00:03]} 38. Kxf2
{[%clk 00:12:17]} {[%emt 00:00:30]} h5 {[%clk 00:04:12]} {[%emt 00:00:28]} 39.
Rc8+ {[%clk 00:10:33]} {[%emt 00:02:15]} Kg7 {[%clk 00:04:40]} {[%emt
00:00:02]} 40. Rxh8 {[%clk 00:10:57]} {[%emt 00:00:05]} Kxh8 {[%clk 00:05:08]}
{[%emt 00:00:02]} 41. h3 {[%clk 00:11:22]} {[%emt 00:00:05]} a5 {[%clk
00:02:12]} {[%emt 00:03:26]} 42. Bb5 {[%clk 00:05:09]} {[%emt 00:06:42]} f5
{[%clk 00:29:56]} {[%emt 00:02:47]} 43. gxf5 {[%clk 00:35:35]} {[%emt
00:00:04]} Kg7 {[%clk 00:30:01]} {[%emt 00:00:24]} 44. Kf3 {[%clk 00:33:15]}
{[%emt 00:02:51]} Kf6 {[%clk 00:30:21]} {[%emt 00:00:10]} 45. Ke4 {[%clk
00:32:55]} {[%emt 00:00:49]} g4 {[%clk 00:29:30]} {[%emt 00:01:22]} 46. hxg4
{[%clk 00:30:28]} {[%emt 00:02:58]} hxg4 {[%clk 00:29:53]} {[%emt 00:00:06]} 47.
Bd7 {[%clk 00:28:32]} {[%emt 00:02:25]} g3 {[%clk 00:26:55]} {[%emt 00:03:29]}
48. Kf3 {[%clk 00:28:39]} {[%emt 00:00:23]} a4 {[%clk 00:27:20]} {[%emt
00:00:06]} 49. Kxg3 {[%clk 00:28:27]} {[%emt 00:00:41]} a3 {[%clk 00:27:47]}
{[%emt 00:00:04]} 50. Be6 {[%clk 00:28:53]} {[%emt 00:00:03]} a2 {[%clk
00:28:15]} {[%emt 00:00:02]} 51. Bxa2 {[%clk 00:29:19]} {[%emt 00:00:05]} Kxf5
{[%clk 00:28:44]} {[%emt 00:00:01]}  1/2-1/2

[Event "2023 Welsh Championship"]
[Site "Cardiff"]
[Date "2023.04.10"]
[Round "6"]
[Board "3"]
[White "Kett, Tim"]
[Black "Fathallah, Joe"]
[Result "1-0"]
[WhiteElo "2090"]
[BlackElo "1980"]
[PlyCount "0"]
[EventDate "2023.04.07"]
[EventRounds "7"]
[EventCountry "WLS"]

1. d4 {[%clk 01:29:03]} {[%emt 00:01:56]} e6 {[%clk 01:30:33]} {[%emt
00:00:29]} 2. Nf3 {[%clk 01:25:26]} {[%emt 00:04:05]} f5 {[%clk 01:28:17]}
{[%emt 00:02:46]} 3. g3 {[%clk 01:23:11]} {[%emt 00:02:45]} Nf6 {[%clk
01:28:39]} {[%emt 00:00:08]} 4. Bg2 {[%clk 01:23:35]} {[%emt 00:00:04]} d5
{[%clk 01:28:56]} {[%emt 00:00:15]} 5. O-O {[%clk 01:22:30]} {[%emt 00:01:35]}
Bd6 {[%clk 01:28:25]} {[%emt 00:01:00]} 6. b3 {[%clk 01:15:45]} {[%emt
00:07:14]} Qe7 {[%clk 01:28:09]} {[%emt 00:00:46]} 7. Bb2 {[%clk 01:15:27]}
{[%emt 00:00:48]} Nbd7 {[%clk 01:18:03]} {[%emt 00:10:37]} 8. c4 {[%clk
01:15:20]} {[%emt 00:00:36]} c6 {[%clk 01:17:17]} {[%emt 00:01:17]} 9. Nbd2
{[%clk 01:14:32]} {[%emt 00:01:17]} Ne4 {[%clk 01:16:37]} {[%emt 00:01:11]} 10.
Ne1 {[%clk 01:09:37]} {[%emt 00:05:24]} O-O {[%clk 01:08:55]} {[%emt 00:08:13]}
11. Nd3 {[%clk 01:05:31]} {[%emt 00:04:35]} Nxd2 {[%clk 01:04:48]} {[%emt
00:04:38]} 12. Qxd2 {[%clk 01:05:55]} {[%emt 00:00:06]} dxc4 {[%clk 01:04:12]}
{[%emt 00:01:06]} 13. bxc4 {[%clk 01:06:01]} {[%emt 00:00:23]} e5 {[%clk
01:04:19]} {[%emt 00:00:23]} 14. d5 {[%clk 00:56:50]} {[%emt 00:09:40]} c5
{[%clk 01:03:13]} {[%emt 00:01:37]} 15. e3 {[%clk 00:54:37]} {[%emt 00:02:42]}
e4 {[%clk 00:57:22]} {[%emt 00:06:22]} 16. Nf4 {[%clk 00:52:58]} {[%emt
00:02:08]} Ne5 {[%clk 00:57:24]} {[%emt 00:00:28]} 17. Qc3 {[%clk 00:50:49]}
{[%emt 00:02:38]} b6 {[%clk 00:52:57]} {[%emt 00:04:58]} 18. f3 {[%clk
00:39:33]} {[%emt 00:11:45]} Ba6 {[%clk 00:47:53]} {[%emt 00:05:35]} 19. Ne6
{[%clk 00:39:35]} {[%emt 00:00:27]} Nxc4 {[%clk 00:41:54]} {[%emt 00:06:30]} 20.
Qxg7+ {[%clk 00:32:20]} {[%emt 00:07:44]} Qxg7 {[%clk 00:42:17]} {[%emt
00:00:07]} 21. Bxg7 {[%clk 00:32:45]} {[%emt 00:00:04]} Rf7 {[%clk 00:40:33]}
{[%emt 00:02:15]} 22. Bh6 {[%clk 00:27:53]} {[%emt 00:05:21]} Nd2 {[%clk
00:37:01]} {[%emt 00:04:03]} 23. Rf2 {[%clk 00:27:53]} {[%emt 00:00:29]} Nxf3+
{[%clk 00:37:06]} {[%emt 00:00:25]} 24. Bxf3 {[%clk 00:28:13]} {[%emt
00:00:10]} exf3 {[%clk 00:37:32]} {[%emt 00:00:04]} 25. Rxf3 {[%clk 00:27:16]}
{[%emt 00:01:26]} Bc4 {[%clk 00:36:35]} {[%emt 00:01:27]} 26. Nf4 {[%clk
00:18:57]} {[%emt 00:08:49]} Bxf4 {[%clk 00:35:10]} {[%emt 00:01:56]} 27. gxf4
{[%clk 00:19:07]} {[%emt 00:00:19]} Bxd5 {[%clk 00:23:00]} {[%emt 00:12:41]} 28.
Rg3+ {[%clk 00:19:20]} {[%emt 00:00:16]} Kh8 {[%clk 00:23:25]} {[%emt
00:00:06]} 29. Kf2 {[%clk 00:18:02]} {[%emt 00:01:47]} Rg8 {[%clk 00:23:23]}
{[%emt 00:00:33]} 30. Rag1 {[%clk 00:09:51]} {[%emt 00:08:40]} Rxg3 {[%clk
00:23:32]} {[%emt 00:00:22]} 31. hxg3 {[%clk 00:10:14]} {[%emt 00:00:05]} Bxa2
{[%clk 00:19:41]} {[%emt 00:04:23]} 32. Rd1 {[%clk 00:08:06]} {[%emt 00:02:38]}
Rf6 {[%clk 00:19:20]} {[%emt 00:00:51]} 33. Rd8+ {[%clk 00:08:24]} {[%emt
00:00:11]} Bg8 {[%clk 00:19:42]} {[%emt 00:00:09]} 34. Bg5 {[%clk 00:08:43]}
{[%emt 00:00:10]} Rc6 {[%clk 00:18:32]} {[%emt 00:01:41]} 35. g4 {[%clk
00:08:05]} {[%emt 00:01:07]} h6 {[%clk 00:07:49]} {[%emt 00:11:14]} 36. Be7
{[%clk 00:08:28]} {[%emt 00:00:06]} Rc7 {[%clk 00:02:55]} {[%emt 00:05:26]} 37.
Bd6 {[%clk 00:04:09]} {[%emt 00:04:48]} Rf7 {[%clk 00:03:04]} {[%emt 00:00:22]}
38. gxf5 {[%clk 00:04:29]} {[%emt 00:00:09]} Rxf5 {[%clk 00:01:51]} {[%emt
00:01:43]} 39. e4 {[%clk 00:04:51]} {[%emt 00:00:06]} Rf7 {[%clk 00:01:46]}
{[%emt 00:00:36]} 40. Ke3 {[%clk 00:02:49]} {[%emt 00:02:31]} Kh7 {[%clk
00:00:52]} {[%emt 00:01:25]} 41. f5 {[%clk 00:01:54]} {[%emt 00:01:24]} Rb7
{[%clk 00:26:51]} {[%emt 00:04:32]} 42. e5 {[%clk 00:30:14]} {[%emt 00:02:09]}
Kg7 {[%clk 00:18:42]} {[%emt 00:08:40]} 43. e6 {[%clk 00:28:27]} {[%emt
00:02:17]} Bxe6 {[%clk 00:17:27]} {[%emt 00:01:46]} 44. fxe6 {[%clk 00:28:49]}
{[%emt 00:00:07]} Kf6 {[%clk 00:17:47]} {[%emt 00:00:11]} 45. e7 {[%clk
00:24:44]} {[%emt 00:04:34]} Rxe7+ {[%clk 00:18:05]} {[%emt 00:00:11]} 46.
Bxe7+ {[%clk 00:25:07]} {[%emt 00:00:07]} Kxe7 {[%clk 00:18:32]} {[%emt
00:00:04]} 47. Ra8 {[%clk 00:25:29]} {[%emt 00:00:07]} Kd6 {[%clk 00:18:20]}
{[%emt 00:00:42]} 48. Rxa7 {[%clk 00:25:52]} {[%emt 00:00:07]} b5 {[%clk
00:18:03]} {[%emt 00:00:47]} 49. Ke4 {[%clk 00:23:40]} {[%emt 00:02:42]} h5
{[%clk 00:17:58]} {[%emt 00:00:35]} 50. Ra6+ {[%clk 00:24:01]} {[%emt
00:00:09]} Kc7 {[%clk 00:18:23]} {[%emt 00:00:06]} 51. Kd5 {[%clk 00:24:01]}
{[%emt 00:00:29]}  1-0

[Event "2023 Welsh Championship"]
[Site "Cardiff"]
[Date "2023.04.10"]
[Round "6"]
[Board "4"]
[White "Bullen, Alex"]
[Black "Fowler, Hugo"]
[Result "1/2-1/2"]
[WhiteElo "2157"]
[BlackElo "1890"]
[PlyCount "0"]
[EventDate "2023.04.07"]
[EventRounds "7"]
[EventCountry "WLS"]

1. d4 {[%clk 01:30:57]} {[%emt 00:00:01]} d5 {[%clk 01:30:56]} {[%emt
00:00:05]} 2. c4 {[%clk 01:31:21]} {[%emt 00:00:06]} c5 {[%clk 01:31:13]}
{[%emt 00:00:13]} 3. cxd5 {[%clk 01:31:43]} {[%emt 00:00:08]} Nf6 {[%clk
01:31:15]} {[%emt 00:00:28]} 4. e4 {[%clk 01:31:52]} {[%emt 00:00:21]} Nxe4
{[%clk 01:30:46]} {[%emt 00:01:00]} 5. dxc5 {[%clk 01:32:14]} {[%emt 00:00:08]}
Nxc5 {[%clk 01:27:22]} {[%emt 00:03:53]} 6. Nc3 {[%clk 01:32:35]} {[%emt
00:00:09]} e6 {[%clk 01:25:33]} {[%emt 00:02:20]} 7. b4 {[%clk 01:25:30]}
{[%emt 00:07:34]} Nca6 {[%clk 01:09:31]} {[%emt 00:16:32]} 8. Bb5+ {[%clk
01:17:16]} {[%emt 00:08:44]} Bd7 {[%clk 01:06:12]} {[%emt 00:03:50]} 9. dxe6
{[%clk 01:15:57]} {[%emt 00:01:48]} fxe6 {[%clk 00:57:43]} {[%emt 00:08:58]} 10.
Qh5+ {[%clk 01:10:50]} {[%emt 00:05:36]} g6 {[%clk 00:57:45]} {[%emt 00:00:29]}
11. Qe5 {[%clk 01:11:09]} {[%emt 00:00:10]} Bxb5 {[%clk 00:55:12]} {[%emt
00:03:03]} 12. Bg5 {[%clk 01:06:03]} {[%emt 00:05:36]} Nxb4 {[%clk 00:40:31]}
{[%emt 00:15:12]} 13. Qxb5+ {[%clk 00:52:07]} {[%emt 00:14:26]} Qd7 {[%clk
00:40:53]} {[%emt 00:00:08]} 14. Rd1 {[%clk 00:41:41]} {[%emt 00:10:56]} Qxb5
{[%clk 00:40:54]} {[%emt 00:00:29]} 15. Rd8+ {[%clk 00:40:31]} {[%emt
00:01:39]} Kf7 {[%clk 00:41:23]} {[%emt 00:00:02]} 16. Nxb5 {[%clk 00:40:51]}
{[%emt 00:00:09]} N4c6 {[%clk 00:23:33]} {[%emt 00:18:21]} 17. Nd6+ {[%clk
00:38:02]} {[%emt 00:03:19]} Kg7 {[%clk 00:23:36]} {[%emt 00:00:27]} 18. Ne8+
{[%clk 00:25:01]} {[%emt 00:13:30]} Kf7 {[%clk 00:23:38]} {[%emt 00:00:28]} 19.
Nd6+ {[%clk 00:24:16]} {[%emt 00:01:15]} Kg7 {[%clk 00:24:00]} {[%emt
00:00:09]} 20. Ne8+ {[%clk 00:14:04]} {[%emt 00:10:41]} Kf7 {[%clk 00:24:29]}
{[%emt 00:00:02]}  1/2-1/2